Statistiques concernant Animal Crossing- Tous les disques de Kéké Laglisse

Cliquez ici pour prendre le quiz!

Statistiques générales

  • Ce quiz a été pris 11 fois
  • Le résultat moyen est 28 sur 107

Statistiques - réponses

Réponse% Correct
Bubblegum Kéké
82%
Agent Kéké
73%
Chant marin
64%
Je vous aime
64%
Soul de Kéké
64%
Anniversaire Kéké
55%
Ballade de Kéké
55%
Disco Kéké
55%
Kéké à la plage
55%
Kéké bohême
55%
Kéké l'Empereur
55%
Kéké métal
55%
Kéké route 66
55%
Réfléchir
55%
Sonate Kéké
55%
Vieux biscuits
55%
Virelai Kéké
55%
2 jours plus tôt
45%
Berceuse de Kéké
45%
Complainte Kéké
45%
Errance
45%
Le Kéké Funk
45%
Rock Kéké
45%
Samba de Kéké
45%
Vie de Forêt
45%
Bouge avec Kéké
36%
Chez moi
36%
DJ Kéké
36%
Flânerie Kéké
36%
Groove Kéké
36%
Kéké balalaika
36%
Kéké soul
36%
Marche de Kéké
36%
Napolitaine
36%
Requiem de Kéké
36%
Sur la route
36%
Valse de Kéké
36%
Etude de Kéké
27%
Kéké café
27%
Kéké House
27%
Kéké King
27%
Kéké le verni
27%
Kéké R&B
27%
La pente
27%
Ragtime de Kéké
27%
Rockabilly Kéké
27%
Aria de Kéké
18%
Bossa de Kéké
18%
Chillwave Kéké
18%
Chorale de Kéké
18%
Drum & Bass Kéké
18%
El Condor Kéké
18%
Flamenco Kéké
18%
Fusion Kéké
18%
Gumbo Kéké
18%
Horizons nouveaux
18%
Jazz de Kéké
18%
Kéké académie
18%
Kéké des îles
18%
Kéké Dixie
18%
Kéké marathon
18%
Kéké star
18%
Limite
18%
Milonga Kéké
18%
M.Kéké
18%
Parade Kéké
18%
Rap de Kéké
18%
Reggae de Kéké
18%
Rengaine de Kéké
18%
Romantique Kéké
18%
Salsa de Kéké
18%
Senor Keke
18%
Shamisen Kéké
18%
Slow Kéké
18%
Tango de Kéké
18%
Ali Farka Kéké
9%
A nous la belle ville
9%
Calypso de Kéké
9%
Chant montagnard
9%
Cheb Kéké
9%
Country Kéké
9%
Cyber-Kéké
9%
Folk Kéké
9%
Fugue de Kéké
9%
Kéké blues
9%
Maharadjah Kéké
9%
Mambo de Kéké
9%
Moi et juste moi
9%
Polka de Kéké
9%
Psykéké
9%
Romance de Kéké
9%
Ska Kéké
9%
Space Kéké
9%
Swing de Kéké
9%
Synthé Kéké
9%
Technopop Kéké
9%
Tovaritch Kéké
9%
Ukulélé Kéké
9%
Adieux
0%
Break Kéké
0%
Chorinho Kéké
0%
Dancehall Kéké
0%
Dub Kéké
0%
Far West Kéké
0%
Foraison
0%
Khoomii Kéké
0%
Ki Ho'alu Kéké
0%

Distribution des résultats

Percentile par nombre de réponses

% des personnes avec chaque résultat

Votre développement - résultats

Vous n’avez pas pris ce quiz